日本のボートレースのSG/G1/G2競走 - Statistics

General Stats
  • This quiz has been taken 18 times
  • The average score is 23 of 52
Answer Stats
Answer % Correct
オーシャンカップ
87%
グランプリ
80%
グランドチャンピオン
67%
ボートレースクラシック
60%
チャレンジカップ
60%
クイーンズクライマックス
60%
ボートレース甲子園
60%
ボートレースオールスター
53%
ボートレースダービー
53%
北陸艇王決定戦
53%
全日本王座決定戦
53%
関東地区選手権
53%
東海地区選手権
53%
中国地区選手権
53%
四国地区選手権
53%
九州地区選手権
53%
高松宮記念
53%
モーターボート大賞
53%
ボートレースメモリアル
47%
グランプリシリーズ
47%
ヤングダービー
47%
戸田プリムローズ
47%
トコタンキング決定戦
47%
ツッキー王座決定戦
47%
太閤賞
47%
近畿地区選手権
47%
BBCトーナメント
47%
マスターズチャンピオン
40%
レディースチャンピオン
40%
赤城雷神杯
40%
江戸川大賞
40%
トーキョー・ベイ・カップ
40%
ウェイキーカップ
40%
びわこ大賞
40%
海の王者決定戦
40%
秩父宮妃記念杯
40%
浜名湖賞
33%
オールジャパン竹島特別
33%
尼崎センプルカップ
33%
児島キングカップ
33%
徳山クラウン争奪戦
33%
京極賞
33%
全日本覇者決定戦
33%
福岡チャンピオンカップ
33%
全日本王者決定戦
33%
レディースオールスター
33%
レディースチャレンジカップ
33%
宮島チャンピオンカップ
27%
競帝王決定戦
27%
大渦大賞
27%
ダイヤモンドカップ
27%
モーターボート誕生祭
27%
No matching quizzes found
Score Distribution
Percent of People with Each Score
Percentile by Number Answered
Your Score History
You have not taken this quiz